Дело об удовлетворении жалованьем и выдаче аттестата бывшему смотрителю Большого театра Михаилу Сосенкову

Доступно только в Электронных читальных залах Найти на картеНа карте
RUSMARC
00003659nmc2a22000003x 450
001c2977021-f913-41c5-bc02-b7647e70423b
00520181129103942.0
100##$a20170110l18251827k l0rusy0189 ca
1010#$arus
102##$aRU
2001#$aДело об удовлетворении жалованьем и выдаче аттестата бывшему смотрителю Большого театра Михаилу Сосенкову
$j10 мая 1825 г. - 9 марта 1827 г.
251##$cДело
300##$aДело
801#0$aRU
$bРГИА
$c20170110
$gRCR
801#1$aRU
$bГлавНИВЦ
$c20170110
$2rusmarc
801#2$aRU
$bПБ им. Б.Н. Ельцина
$c20181129
$gRCR
$2rusmarc
850##$aРГИА
852##$aРГИА
$eФедеральное казенное учреждение "Российский государственный исторический архив" (РГИА)
$j3043
937##$hРГИА
$d12234799
$aASBIBLIO_SCAN
462#0$1001dd3991dc-24e1-42ec-8838-ca4255420416
$12001
$aДирекция императорских театров (1746-1850 гг.)
$1251
$cОпись
$1852
$j1
461#0$10019264ebf8-de62-4f1a-9eb4-9f22098dbbd5
$12001
$aДирекция императорских театров Министерства императорского двора
$1251
$cФонд
$1852
$j497
215##$a86 л.
$d36,5х26 см
371##$aДокумент не является опубликованным и широко распространяемым
105##$ay###
1222#$ad
035##$ac2977021-f913-41c5-bc02-b7647e70423b
856##$uhttp://readingroom.main.prlib.ru/item.aspx?id_node=n121130849&mode=full
Формат отображения